| 000 | 00558nam a2200181 a 4500 | ||
|---|---|---|---|
| 001 | 000020508 | ||
| 005 | 20200930011124.0 | ||
| 008 | 100322s2006 cu 000 0 spa d | ||
| 020 | _a9592585547 | ||
| 040 |
_aDO-SdBNP _bspa _cBNPHU |
||
| 082 |
_axxxx _bR638 |
||
| 100 | 1 |
_aRojas Benítez, José Luis _943221 |
|
| 245 | 1 | 0 |
_aDiseño de servicios de información / _cJosé Luis Rojas Benítez. |
| 260 |
_aLa Habana, Cuba : _bFéliz Varela, _c2006. |
||
| 300 |
_a119 p. ; _c24 cm. |
||
| 490 | 0 | _aSelección de lecturas | |
| 830 | 0 |
_aSelección de lecturas _943201 |
|
| 999 |
_c20012 _d20012 |
||